Normal view MARC view
  • Haider, Ibrahim

Entry Personal Name

Number of records used in: 1

001 - CONTROL NUMBER

  • control field: 132833

003 - CONTROL NUMBER IDENTIFIER

  • control field: NUST

005 - DATE AND TIME OF LATEST TRANSACTION

  • control field: 20260119155435.0

008 - FIXED-LENGTH DATA ELEMENTS

  • fixed length control field: 260119|| aca||aabn | a|a d

040 ## - CATALOGING SOURCE

  • Original cataloging agency: NUST
  • Transcribing agency: NUST

100 ## - HEADING--PERSONAL NAME

  • Personal name: Haider, Ibrahim

670 ## - SOURCE DATA FOUND

  • Source citation: Work cat.: (NUST): Haider, Ibrahim, Multilayer security system using RFID, FR & Biometric /, June, 2017
© 2023 Central Library, National University of Sciences and Technology. All Rights Reserved.